<?xml version="1.0" encoding="UTF-8"?>
<collection xmlns="http://www.loc.gov/MARC21/slim">
 <record>
  <leader>01525nam a2200205Ia 4500</leader>
  <controlfield tag="001">CTU_113788</controlfield>
  <controlfield tag="008">210402s9999    xx            000 0 und d</controlfield>
  <datafield tag="082" ind1=" " ind2=" ">
   <subfield code="a">372.623044</subfield>
  </datafield>
  <datafield tag="082" ind1=" " ind2=" ">
   <subfield code="b">M985</subfield>
  </datafield>
  <datafield tag="100" ind1=" " ind2=" ">
   <subfield code="a">Muschla, Gary Robert</subfield>
  </datafield>
  <datafield tag="245" ind1=" " ind2="0">
   <subfield code="a">Writing workshop survival kit</subfield>
  </datafield>
  <datafield tag="245" ind1=" " ind2="0">
   <subfield code="c">Gary Robert Muschla</subfield>
  </datafield>
  <datafield tag="260" ind1=" " ind2=" ">
   <subfield code="a">San Francisco, CA.</subfield>
  </datafield>
  <datafield tag="260" ind1=" " ind2=" ">
   <subfield code="b">Jossey-Bass</subfield>
  </datafield>
  <datafield tag="260" ind1=" " ind2=" ">
   <subfield code="c">2006</subfield>
  </datafield>
  <datafield tag="520" ind1=" " ind2=" ">
   <subfield code="a">The second edition of the Writing Workshop Survival Kit offers English teachers and writing teachers in grades 5-12 a thoroughly updated and revised guide to teaching the writing process. This comprehensive, step-by-step resource is an invaluable aid for teachers who are conducting a writing workshop or managing a writing workshop in the classroom. Gary Robert Muschla explains the stages of the writing process and shows how to engage students in the dynamics of writing. The book includes activities, numerous reproducibles, and 100 mini-lessons that concentrate on various types of writing, writing techniques, and the mechanics of writing. In addition, the second edition contains new material on timely topics such as Enlisting Support for Your Writing Workshop, Using Search Engines to Find Information on the Internet, The Use of Computers in Revision, and How to Establish a Web Site to Display Student Writing.</subfield>
  </datafield>
  <datafield tag="650" ind1=" " ind2=" ">
   <subfield code="a">English language,Tiếng Anh</subfield>
  </datafield>
  <datafield tag="650" ind1=" " ind2=" ">
   <subfield code="x">Composition and exercises,Thành phần và bài tập</subfield>
  </datafield>
  <datafield tag="904" ind1=" " ind2=" ">
   <subfield code="i">Tuyến</subfield>
  </datafield>
  <datafield tag="980" ind1=" " ind2=" ">
   <subfield code="a">Trung tâm Học liệu Trường Đại học Cần Thơ</subfield>
  </datafield>
 </record>
</collection>
